Estatísticas para Países mais próximos do Togo - um minuto de corrida

Clique aqui para jogar o quiz

Estatísticas Gerais

  • Esse quiz foi jogado 18 vezes
  • A pontuação média é 14 de 20

Estatísticas das Respostas

kmpaís% Correto
0Burkina Faso
89%
875Guiné
89%
191Níger
89%
1160Serra Leoa
89%
0Benim
83%
319Côte d'Ivoire
83%
0Gana
83%
886Libéria
83%
393Mali
83%
101Nigéria
83%
763Camarões
78%
1359Chade
72%
925Argélia
61%
1044Gabão
61%
757Mauritânia
61%
1231Senegal
61%
1355Congo
56%
801Guiné Equatorial
44%
1395República
Centro-Africana
44%
803São Tomé e Príncipe
39%

Distribuição das Pontuações

Percentil de Números Respondidos

Porcentagem de Pessoas com Cada Pontuação

Sua Pontuação Histórica

Você não jogou esse quiz